明治39年の乗降客数TOP80(関東・当時の国鉄のみ) - Statistics

General Stats
  • This quiz has been taken 502 times
  • The average score is 41 of 80
Answer Stats
順位 駅名 一日あたりの利用客数 % Correct
4 新宿 7090
95%
2 新橋 10630
94%
3 横濱 9692
94%
1 上野 14806
93%
6 品川 3726
90%
46 澁谷 935
89%
63 川崎 711
87%
22 大宮 1717
86%
40 千葉 1140
81%
25 浦和 1604
80%
32 八王子 1406
80%
14 中野 2453
77%
27 赤羽 1581
77%
56 立川 748
77%
75 船橋 552
76%
19 高崎 1921
73%
13 宇都宮 2463
71%
73 大船 577
71%
29 日暮里 1511
70%
24 藤澤 1640
69%
44 目黒 997
69%
49 松戸 820
69%
31 代々木 1428
67%
58 戸塚 740
67%
18 水戸 2193
66%
20 前橋 1805
66%
43 平塚 1042
66%
70 國分寺 611
66%
35 田端 1259
64%
28 北千住 1576
63%
74 市川 558
63%
61 小山 717
62%
8 御茶ノ水 3494
61%
21 大森 1785
60%
67 巣鴨 645
59%
17 鎌倉 2317
57%
52 土浦 764
57%
5 横須賀 4905
55%
59 目白 732
55%
60 津田沼 723
54%
10 大久保 3170
53%
30 市ケ谷 1474
51%
9 王子 3195
50%
39 水道橋 1141
49%
55 南千住 754
45%
26 信濃町 1598
44%
65 板橋 680
44%
12 四谷 2661
43%
33 國府津 1305
43%
23 逗子 1697
42%
16 神奈川 2402
41%
34 程ヶ谷 1303
40%
47 千駄ケ谷 924
40%
53 龜戸 762
40%
54 久喜 757
39%
77 金町 529
37%
48 桐生 912
35%
50 771
35%
51 伊勢崎 768
35%
68 深谷 640
35%
72 大磯 596
33%
36 足利 1233
31%
42 日光 1084
31%
45 栃木 971
31%
62 本庄 716
31%
80 佐倉 515
30%
38 飯田町 1170
29%
41 佐野 1132
29%
57 下館 747
20%
64 笠間 692
16%
11 田浦 3002
15%
76 結城 550
15%
69 鹿沼 630
14%
7 両國橋 3696
12%
66 新町 655
11%
15 牛込 2423
7%
37 熊ケ谷 1186
5%
79 本所 517
3%
71 平沼 604
2%
78 鴻ノ巣 524
2%
No matching quizzes found
Score Distribution
Percent of People with Each Score
Percentile by Number Answered
Your Score History
You have not taken this quiz